Представление документа в формате RUSMARC

Поле Инд. ПП Название Значение
Тип записи a
Библиографический уровень a
001 _ Контрольный номер RU/REP/BASE/00061036
005 _ Дата корректировки 20180123101003.0
200 a Заглавие Проблемы исполнения решений конституционных (уставных) судов субъектов Российской Федерации
f Первые сведения об ответственности Курдюк П.М.,Школа С.Н.
210 a Место издания Краснодар; СПб.
c Издательство Изд-во Р. Асланова Юр. центр Пресс
d Дата издания 2008
463 1 001RU/REP/BASE/00060570
1 2001
a Актуальные проблемы развития судебной системы и системы добровольного и принудительного исполнения решений Конституционного Суда РФ, судов общей юрисдикции, арбитражных, третейских судов и Европейского суда по правам человека
v С. 257-264
1 210
d 2008
610 a Ключевые слова СУБЪЕКТЫ РФ, КОНСТИТУЦИОННЫЕ СУДЫ, КОНСТИТУЦИОННАЯ ОТВЕТСТВЕННОСТЬ
686 v Номер издания LBC/SL-A
2 Код системы rubbk
a Систематический индекс 67.99(2)90
700 _1 a Фамилия Курдюк
b Имя П.М.
701 _1 a Фамилия Школа
b Имя С.Н.
852 i Авторский знак А43
j Полочный индекс 67.99(2)90
901 w Контрольный № источника RU/REP/BASE/00060570
t Тип документа a